000 00767nam a2200253Ia 4500
001 Para_473
003 CHAP
008 220125s1999 xx 000 0 und d
010 _a199228
040 _cCHAP
082 _aPA 632.96 C4
111 _aMéxico. Centro Nacional de Referencia en Control Biológico.
_9164530
245 _aFichas técnicas de control biológico de plagas agrícolas /
_c por Centro Nacional de Referencia en Control biológico
260 _aMéxico, D.F. el centro
300 _ac.a. 88 p.
650 _aControl biológico de plagas
_927587
901 _aPA 632.96 C4
902 _aA
905 _a0000001999 dan 0000000000 00
910 _a1999
942 _cPARA
942 _cPARA
_d1
999 _c199228
_d199228